| 000 | 00381cam a22001097a 4500 | ||
|---|---|---|---|
| 008 | 180718b1967 xxu||||| |||| 00| 0 eng d | ||
| 082 | _aR5x42 Un3t/2 | ||
| 245 |
_aCentral training council: second report to the minister _cby Her Majesty's Stationery Office |
||
| 260 |
_aLondon _bHer Majesty's Stationery Office _c1967 |
||
| 300 | _a35p | ||
| 700 | _aU.K. Her Majesty's Stationery Office | ||
| 999 |
_c496066 _d496066 |
||